Soeur Suzanne / (Record no. 160041)

MARC details
000 -LEADER
campo de control de longitud fija 00768nam a22002055i 4500
001 - NÚMERO DE CONTROL
campo de control 160041
003 - IDENTIFICADOR DE NÚMERO DE CONTROL
campo de control ES-MaACL
005 - FECHA Y HORA DE LA ÚLTIMA TRANSACCIÓN
campo de control 20250722063153.0
008 - DATOS DE LONGITUD FIJA--INFORMACIÓN GENERAL
campo de control de longitud fija 040916q18801900fr |||| | fre d
040 ## - FUENTE DE CATALOGACIÓN
Centro catalogador/agencia de origen CAM
Lengua de catalogación spa
Centro/agencia transcriptor CAM
100 1# - ENTRADA PRINCIPAL--NOMBRE DE PERSONA
Nombre de persona Montépin, Xavier de,
Fechas asociadas al nombre 1823-1902
9 (RLIN) 130123
245 10 - MENCIÓN DEL TÍTULO
Título Soeur Suzanne /
Mención de responsabilidad, etc. Xavier de Montépin.
260 ## - PUBLICACIÓN, DISTRIBUCIÓN, ETC.
Lugar de publicación, distribución, etc. Paris :
Nombre del editor, distribuidor, etc. A. Degorce-Cadot éditeur,
Fecha de publicación, distribución, etc. [s.a.] (
Lugar de fabricación/manufactura Imprimerie de Lagny :
Fabricante F. Aureau)
300 ## - DESCRIPCIÓN FÍSICA
Extensión 2 v. ;
Dimensiones 18 cm.
490 1# - MENCIÓN DE SERIE
Mención de serie Collection des bons auteurs
596 ## - NOTA AL PIE DE IMPRENTA
NOTA AL PIE DE IMPRENTA Probablemente impreso en la segunda mitad del siglo XIX.
830 0# - PUNTO DE ACCESO ADICIONAL DE SERIE-TÍTULO UNIFORME
Título uniforme Collection des bons auteurs
9 (RLIN) 222014
852 ## - LOCALIZACIÓN
Ubicación ES-MaACL
Número de control de estantería F-9112
Nota libre -- Enc. hol. conservando la cub. original
condición física -- Sólo t.I (324 p.)
Holdings
Estatus retirado Estado de pérdida Estado de daño No para préstamo Biblioteca de origen Biblioteca actual Ubicación en estantería Fecha de adquisición Fuente de adquisición Total de préstamos Signatura topográfica completa Código de barras Visto por última vez Precio de reemplazo Tipo de ítem Koha
        Biblioteca del Ateneo de Madrid Biblioteca del Ateneo de Madrid Sala Pecera Planta 2 17/01/2008     F-9112 1167552 23/02/2023 23/02/2023 Libro impreso